| 000 | 00582nam a22001937a 4500 | ||
|---|---|---|---|
| 999 |
_c524767 _d524767 |
||
| 003 | NUST | ||
| 020 | _a978-969-593-133-2 | ||
| 038 | _aFaiza | ||
| 082 |
_a891.421 _bBAS |
||
| 100 |
_aBashir, Mudassar _915560 |
||
| 245 |
_aBaba ji,Chacha ji te Mein / _cMudassar Bashir |
||
| 260 |
_aLahore : _bSanjh Publications, _c2014. |
||
| 300 | _a104 p. ; | ||
| 500 | _aHard cover. | ||
| 880 |
_6100-01\r _aمدثربشیر |
||
| 880 |
_6245-02\r _aباباجی،چاچاجی تے میں / |
||
| 880 |
_6260-03\r _aلاہور : _bسانجھ پبلیکیشنز, _c۲۰۱۴. |
||
| 942 |
_2ddc _cBK |
||